000 01196cam a2200373 i 4500
999 _c1100
_d1100
001 563693
003 OSt
005 20211005091654.0
008 190306r20182001enka j 000 f eng d
020 _a9781408896945
_q(pbk.) :
020 _a9781526620309
_qbox set
040 _aNCUE
_erda
_cKH8
042 _anbic
082 _aFIC ROW
099 _a108LIB
100 1 _aRowling, J. K.,
_eauthor.
245 1 0 _aFantastic beasts and where to find them /
_cJ.K. Rowling, Newt Scamander ; illustrated by Tomislav Tomic.
250 _aFully revised and updated.
264 1 _aLondon :
_bBloomsbury Publishing :
_bObscurus Books,
_c2018.
300 _axxxvi, 98 pages :
_billustrations ;
_c20 cm.
336 _atext
_2rdacontent.
336 _astill image
_2rdacontent.
337 _aunmediated
_2rdamedia.
338 _avolume
_2rdacarrier.
490 _aHogwarts library
500 _aThis edition originally published: 2001.
650 0 _aWizards
_vJuvenile fiction.
650 0 _aAnimals, Mythical
_vJuvenile fiction.
655 0 _aChildren's stories.
655 0 _aFantasy fiction.
700 1 _aTomić, Tomislav,
_eillustrator.
700 1 _aScamander, Newt.
942 _2ddc
_cFIC